Do you know CHUCK? Quiz Stats

 Plays Quiz not verified by Sporcle

Score 0/18 Timer 05:00
0 Plays Today
Hint Character % Correct
Got Chuck kicked out of StanfordBryce Larkin
88.1%
Chuck's SisterEllie Bartowski
83.5%
CIA agentSarah Walker
81.5%
Main character's best friendMorgan Grime
81%
The human intersectChuck Bartowski
79.8%
Muscular Doctor's nicknameCaptain Awesome
75.6%
Was Alex CoburnCasey
73%
Best friend's soon to be step dadBig Mike
71.3%
'Frost's' real nameMary Bartowski
63.8%
Hint Character % Correct
Creator of the intersect code nameOrion
61.9%
Hinjew from CanadaLester Patel
58.5%
Former Missile Command world champJeff Barnes
56.6%
Hartley Winterbottom intersect implantAlexei Volkoff
54.1%
Chuck's NieceClara Woodcomb
52.2%
Intersect project directorBeckman
43.5%
Chuck's NemesisVivian Volkoff
41.5%
The marlin's nameNorman
15.4%
Reason Chuck leaves CIAClyde Decker
12%

You're not logged in!

Compare scores with friends on all Sporcle quizzes.
OR
Log In

Show Comments

Extras

Created Feb 16, 2012ReportNominate
Tags:TV Show Quiz, chuck

Top Quizzes Today


Score Distribution

Your Account Isn't Verified!

In order to create a playlist on Sporcle, you need to verify the email address you used during registration. Go to your Sporcle Settings to finish the process.

Report this User

Report this user for behavior that violates our Community Guidelines.

Details: